000 00366nam a2200145Ia 4500
008 230917s9999||||xx |||||||||||||| ||und||
040 _e68622
_aMAIN
041 _aEnglish
082 _a330.1543 K382M
100 _aKennedy, Gavin
245 0 _aMathematical for innumerate economists
260 _aLondon
_bDuckworth
_c1982
300 _avii, 134 p.
942 _cBK
999 _c229935
_d229935